A Guide to European Union law : (Record no. 8978)

MARC details
000 -LEADER
fixed length control field 00649cam a22002052 4500
001 - CONTROL NUMBER
control field 0000019487
005 - DATE AND TIME OF LATEST TRANSACTION
control field 20151217152156.0
008 - FIXED-LENGTH DATA ELEMENTS--GENERAL INFORMATION
fixed length control field 101216s xx 000 0 eng d
020 ## - INTERNATIONAL STANDARD BOOK NUMBER
International Standard Book Number 1847037442 :
040 ## - CATALOGING SOURCE
Original cataloging agency KABU
Transcribing agency KABU
100 1# - MAIN ENTRY--PERSONAL NAME
Personal name Mathijsen, P. S. R. F.
-- 0000179209
245 12 - TITLE STATEMENT
Title A Guide to European Union law :
Remainder of title as amended by the treaty of lisbon /
Statement of responsibility, etc. P. S. R. F. Mathijsen.
250 ## - EDITION STATEMENT
Edition statement 10th ed.
260 ## - PUBLICATION, DISTRIBUTION, ETC. (IMPRINT)
Place of publication, distribution, etc. London :
Name of publisher, distributor, etc. Sweet & Maxwell,
Date of publication, distribution, etc. 2010.
300 ## - PHYSICAL DESCRIPTION
Extent ccv, 651 p.
650 #0 - SUBJECT ADDED ENTRY--TOPICAL TERM
Topical term or geographic name as entry element Law
Geographic subdivision European Union countries.
-- 0000160169
852 1# - LOCATION
-- p4290 KES
908 ## - PUT COMMAND PARAMETER (RLIN)
Put command parameter 101216
950 ## - LOCAL HOLDINGS (RLIN)
-- 1
Holdings
Withdrawn status Lost status Source of classification or shelving scheme Not for loan Home library Current library Date acquired Total Checkouts Total Renewals Full call number Barcode Date last seen Date last checked out Price effective from Koha item type
    Library of Congress Classification   Kabarak, Main Campus Kabarak, Main Campus 17/12/2015 2 1 KJE947 .M38 2010 c. 1 23214 12/07/2019 18/06/2019 17/12/2015 General Collection
Designed with assistance from East African Informatics Ltd